EFL League 2 2023/24 - Statistics

General Stats
  • This quiz has been taken 24 times
  • The average score is 18 of 24
Answer Stats
Standings Team W D L GF GA Pts % Correct
2nd Wrexham 26 10 10 89 52 88
100%
7th Crawley Town 21 7 18 73 67 70
91%
4th MK Dons 23 9 14 83 68 78
91%
Champions Stockport 27 11 8 96 48 92
91%
10th AFC Wimbledon 17 14 15 64 51 65
86%
24th Forest Green 11 9 26 44 78 42
86%
3rd Mansfield Town 24 14 8 90 47 86
86%
6th Crewe Alexandra 19 14 13 69 65 71
82%
5th Doncaster Rovers 21 8 17 73 68 71
82%
21st Grimsby Town 11 16 19 57 74 49
82%
23rd Sutton United 9 15 22 59 84 42
82%
18th Newport County 16 7 23 62 76 55
77%
8th Barrow 18 15 13 62 56 69
73%
22nd Colchester 11 12 23 59 80 45
73%
14th Notts County 18 7 21 89 86 61
73%
17th Accrington Stanley 16 9 21 63 71 57
68%
13th Harrogate Town 17 12 17 60 69 63
68%
19th Swindon Town 14 12 20 77 83 54
68%
11th Walsall 18 11 17 69 73 65
68%
15th Morecambe 17 10 19 67 81 58
64%
20th Salford City 13 12 21 66 82 51
64%
9th Bradford City 19 12 15 61 59 69
59%
12th Gillingham 18 10 18 46 57 64
59%
16th Tranmere Rover 17 6 23 67 70 57
50%
No matching quizzes found
Score Distribution
Percent of People with Each Score
Percentile by Number Answered
Your Score History
You have not taken this quiz